Word Chain - Statistics

General Stats
  • This quiz has been taken 44 times
  • The average score is 17 of 19
Answer Stats
Hint Answer % Correct
The tallest animal Giraffe
100%
The number after 10 Eleven
98%
Opposite of full Empty
98%
What you usually camp in Tent
98%
North, East, South, ______ West
98%
The 3rd color of the rainbow Yellow
98%
They day before today Yesterday
98%
The longest river Nile
95%
Octopuses have 8 of them Tentacle
95%
The currency in Japan Yen
95%
A form of transportation Train
90%
The biggest animal Elephant
88%
Birds make these to lay eggs Nest
86%
Buy for a specific amount of time Rent
86%
Black sticky stuff Tar
86%
Trees, Grass, Animals are what Nature
69%
Opposite of Nice Naughty
67%
Do stuff to get something Earn
62%
A guess Estimate
52%
No matching quizzes found
Score Distribution
Percent of People with Each Score
Percentile by Number Answered
Your Score History
You have not taken this quiz